Oxford Hindi English Dictionary (Record no. 10932)

MARC details
000 -LEADER
fixed length control field 00356nam a22001577a 4500
003 - CONTROL NUMBER IDENTIFIER
control field OSt
008 - FIXED-LENGTH DATA ELEMENTS--GENERAL INFORMATION
fixed length control field 210915b ||||| |||| 00| 0 eng d
020 ## - INTERNATIONAL STANDARD BOOK NUMBER
International Standard Book Number 9780195638462
100 ## - MAIN ENTRY--PERSONAL NAME
Personal name MCGREGOR,R.S.
245 ## - TITLE STATEMENT
Title Oxford Hindi English Dictionary
250 ## - EDITION STATEMENT
Edition statement 58th
260 ## - PUBLICATION, DISTRIBUTION, ETC. (IMPRINT)
Name of publisher, distributor, etc Oxford
Date of publication, distribution, etc 2018
300 ## - PHYSICAL DESCRIPTION
Extent 1083pg
650 ## - SUBJECT ADDED ENTRY--TOPICAL TERM
Topical term or geographic name as entry element Dictionary
942 ## - ADDED ENTRY ELEMENTS (KOHA)
Source of classification or shelving scheme Dewey Decimal Classification
Koha item type Text Books
Holdings
Withdrawn status Lost status Source of classification or shelving scheme Damaged status Not for loan Collection code Home library Current library Date acquired Source of acquisition Currency Cost, normal purchase price Bill Number Total Checkouts Full call number Acc. no. / Barcode Date last seen Actual Cost, discounted price Bill Date Koha item type Public note
    Dewey Decimal Classification     GENERAL PIET C-LIBRARY PIET C-LIBRARY 15/09/2021 Kirti Prakashan Indian Rup 645.00 IN2480   491.43321 MCO 33206 15/09/2021 438.60 15/09/2021 Text Books Dictionary

Design & Developed by: PIET Central Library
R70 Miles Stone Pattikalyana Samalkha Panipat 132102
mail ID :- [email protected], Phone No:- 0180-2569700 Ex.216